000 00345nam a2200109Ia 4500
008 160531s9999 xx 000 0 und d
100 _aWesthuizen, Neels van der.
245 _aEverything Maths: Grade 10 Mathematics
245 _cby Neels van der Westhuizen, et al.
260 _c2012
856 _uhttp://www.everythingmaths.co.za/maths/grade-10
999 _c295140
_d295140